| 000 | 00465nam a2200145Ia 4500 | ||
|---|---|---|---|
| 008 | 211109s9999||||xx |||||||||||||| ||und|| | ||
| 082 |
_a894.8123 _bVAL-O |
||
| 100 | _aVallathol, Narayana Menon | ||
| 245 | 0 | _aOru Kathu | |
| 260 |
_bNATIONAL BOOKSTALL _aKottayam _c1900 |
||
| 300 | _a14p. | ||
| 630 | _xGeneral Stack | ||
| 650 |
_aLiteratures of other languages _vAltaic, Uralic, Hyperborean & DravidianMalayalam LiteratureMalayalam Fiction _xGeneralia |
||
| 942 | _cBOOK | ||
| 999 |
_c5305 _d5305 |
||